000 00853nam a22002297a 4500
005 20240530110610.0
008 161109b xxua g b 000 0 ara d
017 _a2014/5/2368
_bالاردن . دائرة المكتبة الوطنية
020 _a9789957176525
040 _aEG-CaGPL
_cEG-CaGPL
082 0 4 _221
_a613.2\
_bخ ت
100 0 _aخضر المصرى .
245 1 0 _aتغذية المجتمع :
_bادارة و تخطيط و تنفيذ البرامج /
_cخضر المصرى .
250 _aط.1
260 _aالاردن :
_bمكتبة الفلاح للنشر و التوزيع ،
_c2015 .
300 _a414 ص :
_cايض ؛
_b24 سم .
650 0 7 _2qrmak
_aالتغذية .
650 0 7 _2qrmak
_aتلوث البيئة .
650 0 7 _2qrmak
_aالمجتمع .
942 _2ddc
_cBK
999 _c62841
_d62841